01339cam a22002655a 45000010009000000050017000090080041000260200039000670400029001060820019001351000026001542450074001802600047002543000027003015000024003285040031003525050407003836500036007906510010008266530035008366500037008719420008009089990017009169520140009331633071820161222092805.0100713t2011 nyu frb 001 0 eng d a9780765627957 (cloth : alk. paper) aDLCcDLCbengdEG-ScBUE 04a333.7222bHAH1 aHahnel, Robin.93893010aGreen economics :bconfronting the ecological crisis /cRobin Hahnel. aArmonk ;aLondon :bM. E. Sharpe,cc.2011. axvii, 259 p. ;c24 cm. aIndex : p. 249-258. aBibliography : p. 243-248.0 aSomething happened on the way to the 21st century -- Cost benefit analysis : beware -- What on earth is sustainable development? -- Useful insights from mainstream economics -- Where mainstream economics dares not go -- Free market environmentalism : misinterpreting the Coase theorem -- Real world environmental policy -- A brief history of climate negotiations -- Criticisms of Kyoto -- Beyond Kyoto. 0aEnvironmental economics.2BUEsh 2BUEsh bBUSECOcJuly2015cDecember2015 0922976aSustainable living2BUEsh 2ddc c20243d20215 00102ddc40708BaccahaMAINbMAINc1STd2015-07-06ePurchaseg728.00h23125l0o333.7 HAHp000039298r2025-07-15 00:00:00v910.00yBB